|
|
|
|
| LEADER |
01458nam a2200361Ia 4500 |
| 001 |
EBC289879 |
| 003 |
MiAaPQ |
| 005 |
20200520144314.0 |
| 006 |
m o d | |
| 007 |
cr cn||||||||| |
| 008 |
041016s2004 enka gsb 000 0 eng d |
| 020 |
|
|
|z 086176921X
|
| 035 |
|
|
|a (MiAaPQ)EBC289879
|
| 035 |
|
|
|a (Au-PeEL)EBL289879
|
| 035 |
|
|
|a (CaPaEBR)ebr10058591
|
| 035 |
|
|
|a (CaONFJC)MIL51521
|
| 035 |
|
|
|a (OCoLC)70752968
|
| 040 |
|
|
|a MiAaPQ
|c MiAaPQ
|d MiAaPQ
|
| 050 |
|
4 |
|a HD30.22
|b .T43 2004
|
| 245 |
0 |
0 |
|a Techniques and practices to improve responsiveness in industry
|h [electronic resource] /
|c guest editors, Dr. Adil Baykasoglu and Dr. Turkay Dereli.
|
| 260 |
|
|
|a [Bradford, England] :
|b Emerald Group Pub.,
|c 2004.
|
| 300 |
|
|
|a 111 p. :
|b ill.
|
| 490 |
1 |
|
|a Journal of manufacturing technology management ;
|v v. 15, no. 1, 2004, special issue
|
| 504 |
|
|
|a Includes bibliographical references.
|
| 533 |
|
|
|a Electronic reproduction. Ann Arbor, MI : ProQuest, 2015. Available via World Wide Web. Access may be limited to ProQuest affiliated libraries.
|
| 650 |
|
0 |
|a Industrial management.
|
| 650 |
|
0 |
|a Management.
|
| 655 |
|
4 |
|a Electronic books.
|
| 700 |
1 |
|
|a Baykasoglu, Adil.
|
| 700 |
1 |
|
|a Dereli, Turkay.
|
| 710 |
2 |
|
|a ProQuest (Firm)
|
| 830 |
|
0 |
|a Journal of manufacturing technology management ;
|v v. 15, no. 1, 2004, special issue.
|
| 856 |
4 |
0 |
|u https://ebookcentral.proquest.com/lib/matrademy/detail.action?docID=289879
|z Click to View
|